<?xml version="1.0" encoding="UTF-8"?>
<record
    xmlns:xsi="http://www.w3.org/2001/XMLSchema-instance"
    xsi:schemaLocation="http://www.loc.gov/MARC21/slim http://www.loc.gov/standards/marcxml/schema/MARC21slim.xsd"
    xmlns="http://www.loc.gov/MARC21/slim">

  <leader>00622    a2200169   4500</leader>
  <datafield tag="020" ind1=" " ind2=" ">
    <subfield code="a">9789968530194</subfield>
  </datafield>
  <datafield tag="082" ind1=" " ind2=" ">
    <subfield code="a">759.972.86</subfield>
    <subfield code="b">M743j</subfield>
  </datafield>
  <datafield tag="100" ind1=" " ind2=" ">
    <subfield code="a"> Monge Picado, Maria Jose y Rojas, Jose Miguel</subfield>
    <subfield code="9">1291</subfield>
  </datafield>
  <datafield tag="110" ind1=" " ind2=" ">
    <subfield code="a">Museos del Banco Central de Costa Rica</subfield>
    <subfield code="9">1292</subfield>
  </datafield>
  <datafield tag="245" ind1=" " ind2=" ">
    <subfield code="a">Juego Sucio</subfield>
  </datafield>
  <datafield tag="260" ind1=" " ind2=" ">
    <subfield code="a">San Jose, Costa Rica</subfield>
    <subfield code="b">Fundacion Museos del Banco Central de Costa Rica</subfield>
    <subfield code="c">2014</subfield>
  </datafield>
  <datafield tag="300" ind1=" " ind2=" ">
    <subfield code="a">197 p</subfield>
    <subfield code="b">col</subfield>
    <subfield code="c">28 cm</subfield>
  </datafield>
  <datafield tag="650" ind1=" " ind2=" ">
    <subfield code="a">Pintura costarricense</subfield>
    <subfield code="x">Rojas Gonzalerz, Jose Miguel</subfield>
    <subfield code="9">1293</subfield>
  </datafield>
  <datafield tag="700" ind1=" " ind2=" ">
    <subfield code="a">Maria Jose Monge Picado</subfield>
    <subfield code="9">1294</subfield>
  </datafield>
  <datafield tag="700" ind1=" " ind2=" ">
    <subfield code="a">Jose Miguel Rojas </subfield>
    <subfield code="9">1295</subfield>
  </datafield>
  <datafield tag="710" ind1=" " ind2=" ">
    <subfield code="a">Museos del Banco Central de Costa Rica</subfield>
    <subfield code="9">1296</subfield>
  </datafield>
  <datafield tag="999" ind1=" " ind2=" ">
    <subfield code="c">281</subfield>
    <subfield code="d">281</subfield>
  </datafield>
  <datafield tag="952" ind1=" " ind2=" ">
    <subfield code="0">0</subfield>
    <subfield code="1">0</subfield>
    <subfield code="2">ddc</subfield>
    <subfield code="4">0</subfield>
    <subfield code="7">0</subfield>
    <subfield code="a">LV</subfield>
    <subfield code="b">LV</subfield>
    <subfield code="c">Pensamiento</subfield>
    <subfield code="d">2014-08-14</subfield>
    <subfield code="l">0</subfield>
    <subfield code="o">759.972.86 M743j</subfield>
    <subfield code="p">003989</subfield>
    <subfield code="r">2014-08-14 00:00:00</subfield>
    <subfield code="w">2014-08-14</subfield>
    <subfield code="y">01</subfield>
  </datafield>
</record>
